000 01378cam a2200313 a 4500
005 20170628020002.0
008 941024s1995 dcua b 001 0 eng
020 _a1559634065 (cloth : acidfree paper)
020 _a1559634073 (paper : acidfree paper)
040 _aDLC
_cDLC
_dCO-BoIAVH
041 _aeng
082 0 0 _a574.52632072
_bT37t
245 0 4 _aThe freshwater imperative :
_ba research agenda /
_cedited by Robert J. Naiman ... [et al.].
260 _aWashington, D.C. :
_bIsland Press,
_cc1995.
300 _axvi, 165 paginas. :
_bilustraciones. ;
_c24 x 15 cm.
504 _aIncludes bibliographical references (p. 135-149) and index.
650 0 _aLimnology
_xResearch.
650 1 _aLimnologia
650 0 _aEcosystem management
_xResearch.
650 0 _agestión de los ecosistemas
_xInvestigación.
650 0 _aWater quality management
_xResearch.
650 0 _aGestión de la calidad del agua
_xInvestigación.
650 0 _aAgua dulce
_xInvestigación
700 1 _aNaiman, Robert J.
856 4 2 _3Publisher description
_uhttp://www.loc.gov/catdir/enhancements/fy0666/94039852-d.html
906 _a7
_bcbc
_corignew
_d1
_eocip
_f19
_gy-gencatlg
942 _2ddc
_cLIBRO
_01
999 _c2551
_d2551